00884cam a22002531 450000100060000000300080000600500170001400800410003103500190007204000320009104100080012308200220013110000390015324500620019225000120025426000380026630000480030450400290035265000220038170000680040394200120047199900170048395201300050012199BD-RjUL20211208235243.0140128s1968 paua b 000 0 eng  a(BD-RjUL)12248 aDLCcICUdDLCdBD-RjULbeng aeng00a611.018bBLT 19681 aBloom, William,d1899-1972.93780212aA textbook of histology /cWilliam Bloom; Don W. Fawcett. a9th ed. aPhiladelphia :bSaunders,cc1968. axvi, 858 p. :billus. (part col.) ;c26 cm. aIncludes bibliographies. 0aHistology.9378031 aFawcett, Don W.q(Don Wayne),d1917-2009,ejoint author.934245 2ddccBK c12199d12199 00102ddc4071aRUCLbRUCLcReadingd1990-11-17eCanadag0.00l0o611.018 BLT 1968r2014-01-28 00:00:00tC-1w2014-01-28yBK